| 000 | 01252aab a2200241 i 4500 | ||
|---|---|---|---|
| 001 | 768714001 | ||
| 003 | CO-MdFUSB | ||
| 005 | 20240705120027.0 | ||
| 008 | 240705t1996 sz ||||| |||| 00| 0 eng d | ||
| 040 |
_bspa _cCO-MdFUSB |
||
| 041 | _aeng | ||
| 100 | 1 |
_aArjona Mejía, Rubén _eautor |
|
| 245 | 1 | 0 |
_aVoices of youth : _bMexico _c/ Rubén Arjona Mejía |
| 520 | _aMéxico es el decimocuarto país más grande del mundo y un país de culturas matrimoniales. Las cadenas de injusticia que atan a la nación también atan a la juventud. Su principal demanda: justicia para los pueblos indígenas. Pero las cadenas de injusticia en México son muchas, por ejemplo, las personas directamente afectadas por daños ambientales, los asesinatos, la corrupción, nel poder lo tienen los traficantes de drogas, mientras que cada vez más jóvenes se vuelven adictos a las drogas. | ||
| 546 | _aTexto en inglés. | ||
| 650 | 0 |
_aIglesia y problemas sociales _91177 |
|
| 650 | 0 |
_aJusticia social _91851 |
|
| 650 | 7 |
_aPolítica social _92578 |
|
| 650 | 7 |
_aDerechos humanos _9296 |
|
| 773 | 0 |
_tReformed World _049396 _959535 _gVolumen 46, (número 2, 1996) páginas: 78 - 85 _qpágina: 78 |
|
| 942 | _cANA | ||
| 945 | _aCatherine Arias Álvarez - Practicante SENA | ||
| 999 |
_c55431 _d55431 |
||